000 00923caa a22002417a 4500
999 _c407667
_d407667
001 121549
003 UA-OsUOA
005 20191217183543.0
007 ta
008 20170322b un ||||| |||| 00| 0 ukr d
040 _aUA-OsUOA
_bukr
_cUA-OsUOA
_dUA-OsUOA
041 _aukr
080 _a908
090 _a908
_bШ37
100 _aШевчук С. І.
245 _aФольклор Волині у народознавчих студіях Г. Р. Равчука
_cС. І. Шевчук
300 _aС. 102–103
650 7 _a908 Краєзнавство
_2UDC
773 0 _0331092
_9355489
_dОстрог 1992
_o104078
_tМатеріали І - ІІІ науково-краєзнавчих конференцій "Остріг на порозі 900-річчя" (1990 - 1992 рр.)
_w(UA-OsUOA) 44979
942 _cBKA
_2udc
955 _a1